[Event "34th Olympiad"]
[Site "Istanbul TUR"]
[Date "2000.11.01"]
[Round "5"]
[White "Matsuo,T"]
[Black "Mahjoob,M"]
[Result "1/2-1/2"]
[WhiteElo "2186"]
[BlackElo "2337"]

1.e4 c5 2.Nf3 e6 3.d4 cxd4 4.Nxd4 a6 5.Bd3 Qc7 6.O-O Nf6 7.Qe2 d6 8.c4 g6
9.Nc3 Bg7 10.Be3 O-O 11.Rac1 Nbd7 12.Bb1 b6 13.f4 Bb7 14.b4 Rac8 15.Bd3 Qb8
16.Nb3 Rfe8 17.c5 e5 18.Bxa6 Bxa6 19.Qxa6 dxc5 20.bxc5 Ng4 21.Bd2 Nxc5 22.Nxc5 Rxc5
23.h3 Nf6 24.Be3 Rc6 25.Qb5 Qb7 26.Nd5 Nxd5 27.Qxd5 Rc7 28.Rxc7 Qxc7 29.f5 Rb8
30.Rc1 Qe7 31.Rc6 gxf5 32.exf5 e4 33.Rxb6 Rxb6 34.Bxb6 Qb4 35.Qd8+ Bf8 36.Qg5+ Bg7
37.Qd8+ Bf8 38.Qg5+ Bg7 39.Qd8+  1/2-1/2

[Event "34th Olympiad"]
[Site "Istanbul TUR"]
[Date "2000.11.02"]
[Round "6"]
[White "Matsuo,T"]
[Black "Ramsingh,Y"]
[Result "1-0"]
[WhiteElo "2186"]
[BlackElo "2246"]

1.e4 c5 2.Nf3 e6 3.d4 cxd4 4.Nxd4 a6 5.Bd3 Qc7 6.O-O Nc6 7.Nxc6 bxc6 8.Qe2 d5
9.c4 dxe4 10.Bxe4 Nf6 11.Bf3 Bd6 12.h3 Rb8 13.Nc3 O-O 14.b3 Bh2+ 15.Kh1 Be5
16.Bb2 c5 17.Nd5 exd5 18.Bxe5 Qb6 19.Bxb8 Qxb8 20.Bxd5 a5 21.Rfe1 Bd7 22.Qf3 a4
23.bxa4 Qb4 24.Rab1 Qxa4 25.Rb7 Qxa2 26.Re7 Be8 27.Rxe8 Qa1+ 28.Kh2 Rxe8
29.Bxf7+ Kf8 30.Bxe8 Qe5+ 31.Qg3 Qxg3+ 32.Kxg3 Nxe8 33.Rb8 Ke7 34.Rxe8+ Kxe8
35.Kf4 Kd7 36.Ke5 Kc6 37.f4 h5 38.g4 hxg4 39.hxg4 Kc7 40.Kd5 Kb6 41.Kd6 g6
42.f5  1-0

[Event "34th Olympiad"]
[Site "Istanbul TUR"]
[Date "2000.11.02"]
[Round "6"]
[White "West,G"]
[Black "Mahjoob,M"]
[Result "1/2-1/2"]
[WhiteElo "2372"]
[BlackElo "2337"]

1.e4 c5 2.Nf3 e6 3.d4 cxd4 4.Nxd4 a6 5.Bd3 Qc7 6.O-O Nf6 7.Qe2 d6 8.f4 Qb6
9.Be3 Qc7 10.c4 Be7 11.Nc3 O-O 12.Rac1 Re8 13.Kh1 b6 14.f5 Bf8 15.fxe6 fxe6
16.Nf3 Nbd7 17.Bd4 Ne5 18.b3 Bd7 19.Bb1 Rab8 20.Qf2 Be7 21.Nxe5 dxe5 22.Qg3 Bd6
23.Bxb6 Qxb6 24.Rxf6 Rf8 25.Rcf1 Qd4 26.Rxf8+ Rxf8 27.Rxf8+ Bxf8 28.Qd3 Qf2
29.Qe2 Qd4 30.Na4 Bxa4 31.bxa4 Bc5 32.Qf1 Qb2 33.g3 a5 34.Qd1 Bd4 35.Bc2 Qxa2
36.Qd3  1/2-1/2

[Event "34th Olympiad"]
[Site "Istanbul TUR"]
[Date "2000.11.02"]
[Round "6"]
[White "Nouro,M"]
[Black "Hamdani,R"]
[Result "1/2-1/2"]
[WhiteElo "2397"]
[BlackElo "2385"]

1.e4 c5 2.Nf3 e6 3.d4 cxd4 4.Nxd4 a6 5.Bd3 Qc7 6.O-O Nf6 7.Qe2 d6 8.c4 Nbd7
9.b3 b6 10.Bb2 Bb7 11.Nc3 Be7 12.Kh1 g5 13.Rac1 Ne5 14.Bb1 h5 15.Nf3 Nfd7
16.Nxe5 dxe5 17.Rcd1 f6 18.Rd2 O-O-O 19.Rfd1 g4 20.a3 Nb8 21.Na4 Bc6 22.Nc3 Bb7
23.Na4 Bc6 24.Nc3 Bb7 25.Na4  1/2-1/2

[Event "Chigorin Mem"]
[Site "St Petersburg RUS"]
[Date "2000.11.02"]
[Round "3"]
[White "Chudinovskih,A"]
[Black "Purtov,A"]
[Result "1-0"]
[WhiteElo "2310"]
[BlackElo "2450"]

1.e4 c5 2.Nf3 e6 3.d4 cxd4 4.Nxd4 a6 5.Bd3 Qc7 6.O-O Nf6 7.Qe2 d6 8.f4 Nbd7
9.Kh1 Be7 10.c4 O-O 11.Nc3 Re8 12.Bd2 Bf8 13.Rae1 e5 14.fxe5 dxe5 15.Nf5 b6
16.Bg5 Bb7 17.Nh6+ gxh6 18.Bxf6 Nxf6 19.Rxf6 Bg7 20.Rf3 Qc5 21.Ref1 Re7 22.Rg3 Kh8
23.Qf3 Rg8 24.Nd5 Bxd5 25.exd5 e4 26.Bxe4 Bxb2 27.Rxg8+ Kxg8 28.Bd3 Be5 29.Qf5 f6
30.Qg4+ Kh8 31.Bf5 Rg7 32.Qe4 Rc7 33.Be6 Qxc4 34.Qxc4 Rxc4 35.d6 Rd4 36.d7 Kg7
37.g3 Rd2 38.Rc1  1-0

[Event "Autumn Cup IM"]
[Site "Bucharest ROM"]
[Date "2000.11.04"]
[Round "15"]
[White "Cioara,A"]
[Black "Marin,L"]
[Result "1-0"]
[WhiteElo "2350"]
[BlackElo "2187"]

1.e4 c5 2.Nf3 e6 3.d4 cxd4 4.Nxd4 a6 5.Bd3 Nf6 6.O-O Qc7 7.Kh1 d5 8.Nc3 dxe4
9.Nxe4 Nxe4 10.Bxe4 Nd7 11.Re1 Nf6 12.Bd3 Be7 13.Qf3 Qa5 14.Bf4 Qd5 15.Qd1 Bd7
16.Be5 Bc6 17.Nxc6 Qxc6 18.Re3 Rd8 19.Qe2 Qc5 20.Re1 h5 21.h3 h4 22.a3 Kf8
23.b4 Qd5 24.c4 Qd7 25.Rd1 Qc6 26.Rc1 Rh6 27.Qc2 Rh5 28.Be2 Rg5 29.Bf3 Qc8
30.Rce1 Kg8 31.Rd3 Nd7 32.Bb2 Rf5 33.Red1 Ne5 34.Rxd8+ Bxd8 35.Be4 Rh5 36.Qe2 g6
37.Bxg6 fxg6 38.Bxe5 Be7 39.f4 g5 40.Qe4 Kf7 41.fxg5 Rxg5 42.Qh7+ Ke8 43.Qh8+ Bf8
44.Bf6 Rf5 45.Qxh4 Qc6 46.Rd8+ Kf7 47.Rxf8+  1-0

[Event "ch-POL Semi-Finals"]
[Site "Polanczyk POL"]
[Date "2000.11.04"]
[Round "1"]
[White "Stopa,Ja"]
[Black "Kaszowski,D"]
[Result "1/2-1/2"]
[WhiteElo "2056"]
[BlackElo "2250"]

1.e4 c5 2.Nf3 e6 3.d4 cxd4 4.Nxd4 a6 5.Bd3 Bc5 6.Nb3 Ba7 7.Qe2 Nc6 8.Be3 d6
9.Nc3 b5 10.Bxa7 Rxa7 11.Qe3 Nge7 12.O-O-O Rd7 13.f4 O-O 14.Rhf1 Qc7 15.f5 Rdd8
16.g4 Ne5 17.Qg5 f6 18.Qf4 b4 19.Ne2 a5 20.Kb1 a4 21.Nbc1 a3 22.b3 Bb7 23.Qd2 exf5
24.gxf5 Qb6 25.Nf4 Rd7 26.Ne6 Rf7 27.Ne2 d5 28.Qf4 dxe4 29.Bxe4 Nd5 30.Bxd5 Bxd5
31.N2d4  1/2-1/2

[Event "ch-POL Semi-Finals"]
[Site "Polanczyk POL"]
[Date "2000.11.07"]
[Round "4"]
[White "Stachowiak,K"]
[Black "Kidzinski,L"]
[Result "1-0"]
[WhiteElo "2041"]
[BlackElo "2133"]

1.e4 c5 2.Nf3 e6 3.d4 cxd4 4.Nxd4 a6 5.Bd3 Bc5 6.Nb3 Ba7 7.Qe2 Nc6 8.Be3 Bxe3
9.Qxe3 Qc7 10.Nc3 Nf6 11.O-O-O b5 12.f4 d6 13.Bxb5 axb5 14.Nxb5 Qe7 15.Nxd6+ Kf8
16.Qc5 Bd7 17.e5 Nd5 18.f5 Nxe5 19.Rhe1 Ng4 20.Rxd5 Qg5+ 21.Rd2 Rxa2 22.Ne4+ Qe7
23.Rxd7  1-0

[Event "34th Olympiad"]
[Site "Istanbul TUR"]
[Date "2000.11.08"]
[Round "11"]
[White "Collins,S"]
[Black "Sulava,N"]
[Result "0-1"]
[WhiteElo "2172"]
[BlackElo "2549"]

1.e4 c5 2.Nf3 e6 3.d4 cxd4 4.Nxd4 a6 5.Bd3 Bc5 6.Nb3 Ba7 7.Nc3 Nc6 8.Qe2 d6
9.Be3 b5 10.O-O-O Nge7 11.f4 b4 12.Na4 Bd7 13.e5 Nd5 14.Bxa7 Nxa7 15.exd6 Bxa4
16.Nc5 Bc6 17.Nxe6 fxe6 18.Qxe6+ Kf8 19.Bc4 Qf6 20.Bxd5 Qxe6 21.Bxe6 Bxg2
22.Rhg1 Bc6 23.Rd4 Rd8 24.f5 Nb5 25.Rdg4 Rxd6 26.Rxg7 Nd4 27.Rf7+ Ke8 28.Re1 Kd8
29.Bc4 Re8 30.Rxe8+ Bxe8 31.Rxh7 Nxf5 32.Ra7 Ne3 33.Bd3 Bb5 34.b3 Bxd3 35.cxd3 Rc6+
36.Kb1 Nd5 37.Rh7 Nc3+ 38.Kb2 Rf6 39.h4 Rf2+ 40.Kc1 Nxa2+ 41.Kb1 Nc3+ 42.Kc1 a5
43.h5 a4 44.bxa4 b3 45.Rb7 Rc2+  0-1

[Event "FSIM November"]
[Site "Budapest HUN"]
[Date "2000.11.09"]
[Round "6"]
[White "Rajlich,V"]
[Black "Vargyas,Z"]
[Result "1-0"]
[WhiteElo "2209"]
[BlackElo "2154"]

1.e4 c5 2.Nf3 e6 3.d4 cxd4 4.Nxd4 a6 5.Bd3 Qc7 6.O-O Nf6 7.Qe2 d6 8.Nc3 Nbd7
9.f4 g6 10.f5 e5 11.Ne6 fxe6 12.fxe6 Bg7 13.exd7+ Bxd7 14.Bc4 Bc6 15.Bg5 Rf8
16.Bxf6 Bxf6 17.Qg4 Bd7 18.Be6 Bc6 19.Nd5 Bxd5 20.Bxd5 Qc8 21.Qf3 Qc5+ 22.Kh1 O-O-O
23.Qh3+ Kb8 24.Qxh7 Qb6 25.Rf3 Qxb2 26.Raf1 Qb5 27.c4 Qb6 28.Rb3 Bg7 29.Rfb1 Qf2
30.Rxb7+  1-0

[Event "34th Olympiad"]
[Site "Istanbul TUR"]
[Date "2000.11.10"]
[Round "13"]
[White "Gentilleau,JP"]
[Black "Garcia,Rau"]
[Result "1/2-1/2"]
[WhiteElo "2177"]
[BlackElo "2318"]

1.e4 c5 2.Nf3 e6 3.d4 cxd4 4.Nxd4 a6 5.Bd3 Nf6 6.Qe2 d6 7.O-O Qc7 8.c4 g6
9.Nc3 Bg7 10.Be3 O-O 11.Rac1 Nbd7 12.f3 b6 13.b3 Bb7 14.Rfd1 Rae8 15.Qd2 Rd8
16.Bf1 Qb8 17.Bh6 Rfe8 18.Bxg7 Kxg7 19.Nde2 Ne5 20.Nf4 Bc6  1/2-1/2

[Event "ch-POL Semi-Finals"]
[Site "Polanczyk POL"]
[Date "2000.11.11"]
[Round "8"]
[White "Tomczak,Raf"]
[Black "Kaszowski,D"]
[Result "1/2-1/2"]
[WhiteElo "2253"]
[BlackElo "2250"]

1.e4 c5 2.Nf3 e6 3.d4 cxd4 4.Nxd4 a6 5.Bd3 Nf6 6.O-O Qc7 7.Kh1 d5 8.exd5 Nxd5
9.c4 Nf6 10.Nc3 Be7 11.Qe2 O-O 12.f4 Rd8 13.Nf3 Nc6 14.Ne5 Bd6 15.Nxc6 Qxc6
16.b3 b6 17.Bb2 Bb7 18.Rad1 Be7 19.a3 Rd7 20.Bc2 Rad8 21.Rxd7 Rxd7 22.b4 Qc7
23.Ba4 Rd8 24.Bb3 Bd6 25.Nd1 Ne4 26.Bc2 f5 27.Nc3 Bxf4 28.Nxe4 fxe4 29.Bxe4 Rd2
30.Qg4 Rxb2 31.Bxb7 Qxb7 32.Qxe6+ Qf7 33.Qc8+ Qf8 34.Qxf8+ Kxf8 35.Rxf4+ Ke7
36.h3 Ra2 37.Rf3 Rc2 38.Rg3 g6 39.Rg4 Ra2 40.Re4+ Kf7 41.Rd4 Ke7 42.Re4+ Kd7
43.Re3 Rc2 44.Re4 Ra2  1/2-1/2

[Event "Tenkes Kupa"]
[Site "Harkany HUN"]
[Date "2000.11.17"]
[Round "2"]
[White "Amrein,R"]
[Black "Farago,I"]
[Result "0-1"]
[WhiteElo "2271"]
[BlackElo "2486"]

1.e4 c5 2.Nf3 e6 3.d4 cxd4 4.Nxd4 a6 5.Bd3 Nf6 6.O-O Qc7 7.Qe2 d6 8.c4 g6
9.Nc3 Bg7 10.Nf3 Nc6 11.Rd1 O-O 12.Bf4 Nd7 13.Rac1 Nde5 14.b3 Bd7 15.Bb1 Rac8
16.Ne1 Qb8 17.c5 Qa7 18.cxd6 Nd4 19.Qd2 Ng4 20.Nd3 e5 21.Bg5 f6 22.Be3 Nxe3
23.Qxe3 Qb6 24.b4 Bg4 25.Re1 Qxd6 26.f3 Be6 27.Nc5 Bf7 28.a3 b6 29.Nxa6 Ra8
30.b5 Qxa3 31.Nc7 Rac8 32.N3d5 Qxe3+ 33.Nxe3 Bh6 34.Kf2 Rfd8 35.Rc3 Kg7 36.Rec1 Rd7
37.Ncd5 Rxc3 38.Nxc3 Rc7 39.Bd3 Be8 40.Ned5 Ra7 41.Rd1 Ra3 42.Ne2 Ra2 43.Kf1 Nxb5
44.Rb1 Ra5 45.Nxb6 Nc7 46.Kf2 Ra3 47.Bc4 Be3+ 48.Kg3 f5 49.exf5 gxf5 50.Nd5 Nxd5
51.Rb7+ Kf6 52.Bxd5 Bg6 53.h4 f4+ 54.Kh3 Bd3 55.Rb2 Ra1 56.Kh2 Re1 57.Nc3 Bg1+
58.Kh3 Bd4 59.Rb3 Rh1+ 60.Kg4 Bf5+ 61.Kh5 Bg6+  0-1

[Event "Tch-ISL"]
[Site "Reykjavik ISL"]
[Date "2000.11.17"]
[Round "1"]
[White "Thorhallsson,T"]
[Black "Olafsson,D"]
[Result "1/2-1/2"]
[WhiteElo "2454"]
[BlackElo "2275"]

1.e4 c5 2.Nf3 e6 3.d4 cxd4 4.Nxd4 a6 5.Bd3 Nc6 6.Nb3 Nf6 7.O-O d6 8.Nc3 g6
9.Bg5 Bg7 10.f4 O-O 11.Qe1 h6 12.Bh4 Qc7 13.Rd1 b5 14.Kh1 b4 15.Ne2 Bb7 16.h3 Nd7
17.c3 Nc5 18.Nxc5 dxc5 19.e5 Ne7 20.Ng3 bxc3 21.bxc3 Nf5 22.Nxf5 gxf5 23.Kh2 Qc6
24.Rf3 Kh7 25.Qe2 f6 26.exf6 Bxf6 27.Bxf6 Rxf6 28.Rg3 Rg8 29.Rxg8 Kxg8 30.Qf2 Rg6
31.Bf1 Kh7 32.Re1 c4 33.Rd1 Qc7 34.Qd4 Bd5 35.Rd2 Rg7 36.Rb2 Rd7 37.Qe3 a5  1/2-1/2

[Event "Tenkes Kupa"]
[Site "Harkany HUN"]
[Date "2000.11.18"]
[Round "3"]
[White "Kocsis,La"]
[Black "Papp,Ju"]
[Result "1-0"]
[WhiteElo "2091"]
[BlackElo "2094"]

1.e4 c5 2.Nf3 e6 3.d4 cxd4 4.Nxd4 a6 5.Bd3 Qb6 6.Nb3 Qc7 7.O-O Nf6 8.Nc3 b5
9.Qe2 d6 10.f4 Nbd7 11.Be3 Bb7 12.Bd4 b4 13.Nd1 e5 14.fxe5 dxe5 15.Bf2 Be7
16.Qf3 O-O 17.Ne3 Rfd8 18.Bh4 Nc5 19.Nxc5 Qxc5 20.Kh1 Bc8 21.Bxf6 Bxf6 22.Nd5 Rd6
23.Qg3 Kf8 24.Nxf6 gxf6 25.Qh4 Ke7 26.Rf3 Bb7 27.Raf1 Qc6 28.Qxh7 Rf8 29.Qg7 a5
30.b3 Ba6 31.h4 Bxd3 32.cxd3 Rfd8 33.h5 R8d7 34.h6 f5 35.Rxf5 Rxh6+ 36.Kg1 Qb6+
37.R5f2 Kd8 38.Qf8+ Kc7 39.Qg7 Rh5 40.Qg4 Qh6 41.Rc2+ Kd6 42.Rf6+ Qxf6 43.Qxh5 Rc7
44.Rxc7 Kxc7 45.Qf3 Qg6 46.Qe3 Kc6 47.Kf2 Qg4 48.Qf3 Qg5 49.Qe3 Qh4+ 50.Kg1 Qg4
51.Qd2 Kd6 52.Qe3 Kc6 53.Qh6+ Kc5 54.Qe3+ Kc6 55.Qc1+ Kd6 56.Qd2 Ke6 57.Qe3 Qh4
58.Qh3+ Qxh3 59.gxh3 f5 60.exf5+ Kxf5 61.Kf2 Kf4 62.h4  1-0

[Event "72nd ch-GER"]
[Site "Seebad Heringsdorf GER"]
[Date "2000.11.18"]
[Round "2"]
[White "Enders,P"]
[Black "Heinzel,O"]
[Result "1-0"]
[WhiteElo "2468"]
[BlackElo "2389"]

1.e4 c5 2.Nf3 e6 3.d4 cxd4 4.Nxd4 a6 5.Bd3 Nc6 6.Be3 Nf6 7.O-O Ne5 8.Nc3 b5
9.h3 Bb7 10.f4 Nc4 11.Bxc4 bxc4 12.e5 Nd5 13.Nxd5 Bxd5 14.f5 Qc7 15.Qd2 c3
16.bxc3 Rc8 17.Ne2 Qxe5 18.Rae1 Bc4 19.Bd4 Qb5 20.Rf2 f6 21.fxe6 dxe6 22.Nf4 Kf7
23.Qd1 Be7 24.a4 Qg5 25.Nd3 Bxd3 26.cxd3 Bd6 27.Re4 f5 28.Rg4  1-0

[Event "VI Open"]
[Site "Lisbon POR"]
[Date "2000.11.22"]
[Round "5"]
[White "Henriques,S"]
[Black "Galego,L"]
[Result "1/2-1/2"]
[WhiteElo "2032"]
[BlackElo "2419"]

1.e4 c5 2.Nf3 e6 3.d4 cxd4 4.Nxd4 a6 5.Bd3 Qc7 6.O-O Nf6 7.Nc3 Bc5 8.Be3 d6
9.Qe2 Bd7 10.Rae1 b5 11.a3 Qb6 12.Nb3 Bxe3 13.Qxe3 Qxe3 14.Rxe3 Nc6 15.Rd1 Ke7
16.f4 g5 17.Nd5+ exd5 18.exd5+ Kf8 19.dxc6 gxf4 20.Ree1 Bxc6 21.Nd4 Bb7 22.Rf1 Rg8
23.Rd2 Nh5 24.Bxh7 Rg5 25.Bd3 Re8 26.Nf3 Rg4 27.Bf5 Rg7 28.Rxd6 Bxf3 29.Rxf3 Re2
30.Rf2 Re1+ 31.Rf1 Re2 32.Rf2 Re1+ 33.Rf1 Re2  1/2-1/2

[Event "Tenkes Kupa"]
[Site "Harkany HUN"]
[Date "2000.11.23"]
[Round "8"]
[White "Amrein,R"]
[Black "Papp,Ju"]
[Result "1-0"]
[WhiteElo "2271"]
[BlackElo "2094"]

1.e4 c5 2.Nf3 e6 3.d4 cxd4 4.Nxd4 a6 5.Bd3 Qb6 6.Nb3 Qc7 7.O-O Nf6 8.Nc3 b5
9.f4 Bb7 10.Qe2 d6 11.Bd2 Nbd7 12.Rae1 e5 13.Kh1 Be7 14.Nd1 O-O 15.Ne3 Rfe8
16.Ba5 Qc8 17.Nf5 Bf8 18.Bb4 Nc5 19.fxe5 Nfxe4 20.Qg4 g6 21.exd6 h5 22.Ne7+ Bxe7
23.Qxc8 Raxc8 24.dxe7 Bd5 25.Kg1 f5 26.Nxc5 Nxc5 27.Bxc5 Rxc5 28.Re5 Kf7
29.Rfe1 a5 30.a3 b4 31.axb4 axb4 32.Rxd5  1-0

[Event "Autumn Cup GM"]
[Site "Bucharest ROM"]
[Date "2000.11.25"]
[Round "6"]
[White "Svetushkin,D"]
[Black "Podinic,V"]
[Result "0-1"]
[WhiteElo "2472"]
[BlackElo "2340"]

1.e4 c5 2.Nf3 e6 3.d4 cxd4 4.Nxd4 a6 5.Bd3 d5 6.exd5 Qxd5 7.O-O Nf6 8.Nc3 Qd8
9.Ne4 Be7 10.c3 Qc7 11.Qf3 Nbd7 12.Bf4 Qb6 13.Nxf6+ Bxf6 14.Nf5 exf5 15.Rfe1+ Ne5
16.Bxe5 O-O 17.Bxf6 Qxf6 18.Bc4 Rb8 19.Rad1 b5 20.Qf4 Rb6 21.Bb3 a5 22.Qc7 Ra6
23.Re7 Be6 24.Rd8 g6 25.Ree8 Rxe8 26.Rxe8+ Kg7 27.Qc5 Kh6 28.Qxb5 Rd6 29.Qe2 Qg5
30.g3 Rd2 31.Qe5 Rxb2 32.Rg8 Qd2 33.Qg7+ Kg5 34.h4+ Kg4 35.Qd4+ Qxd4 36.cxd4 Bxb3
37.axb3 Kf3 38.Rg7 Rxf2 39.Rxh7 Rg2+ 40.Kf1 Rb2 41.Ke1 Kxg3 42.h5 Rxb3 43.h6 Kf4
44.Rh8 Rb7 45.Rg8 Rb1+ 46.Ke2 Rh1 47.d5 Ke5 48.Rh8 Kd6 49.h7 Ke7 50.Kd3 Rh4
51.Ra8 Rxh7 52.Kd4 Rh1 53.Ra7+ Kf6 54.Rxa5 Rd1+ 55.Kc5 Ke5 56.Kc6 f4  0-1

[Event "VI Open"]
[Site "Lisbon POR"]
[Date "2000.11.25"]
[Round "8"]
[White "Spraggett,K"]
[Black "Mateo,Ra"]
[Result "0-1"]
[WhiteElo "2501"]
[BlackElo "2371"]

1.e4 c5 2.Nf3 e6 3.d4 cxd4 4.Nxd4 a6 5.Bd3 Nf6 6.O-O d6 7.c4 b6 8.Nc3 Bb7
9.Qe2 Be7 10.b3 O-O 11.Bb2 Re8 12.f4 g6 13.Nf3 Nbd7 14.Kh1 Nh5 15.Qd2 Bf8
16.Rae1 Bh6 17.g3 e5 18.Bb1 Ndf6 19.Ng5 exf4 20.gxf4 b5 21.Rg1 bxc4 22.bxc4 Rc8
23.Bd3 Qa5 24.Qf2 Bg7 25.Qd2 Qf5 26.Rgf1 h6 27.Nd5 Qg4 28.Rg1 Qh4 29.Bxf6 Bxf6
30.Nf3 Qh3 31.Ref1 Bxd5 32.exd5 Rb8 33.Rf2 Rb2 34.Bc2 Rxa2 35.c5 dxc5 36.Ne5 Bxe5
37.fxe5 Rxe5 38.d6 Qd7 39.Rxg6+ fxg6 40.Bb3+ Kg7 41.Bxa2 Qc6+ 42.Kg1 Rg5+
43.Kf1 Qh1+ 44.Ke2 Qe4+ 45.Kf1 Qh1+ 46.Ke2 Re5+ 47.Kd3 Nf6 48.Kc2 Qe4+ 49.Kb2 c4
50.d7 Qb7+ 51.Ka3 Qxd7 52.Qxd7+ Nxd7 53.Bxc4 Nf6 54.Kb4 a5+ 55.Ka4 g5 56.Bb5 Ne4
57.Rc2 g4 58.Rc7+ Kf6  0-1

[Event "VI Open"]
[Site "Lisbon POR"]
[Date "2000.11.26"]
[Round "9"]
[White "Dominguez,L"]
[Black "Mateo,Ra"]
[Result "1-0"]
[WhiteElo "2534"]
[BlackElo "2371"]

1.e4 c5 2.Nf3 e6 3.d4 cxd4 4.Nxd4 a6 5.Bd3 Nf6 6.O-O d6 7.c4 b6 8.Nc3 Bb7
9.Qe2 Be7 10.f4 O-O 11.Kh1 g6 12.f5 gxf5 13.Bh6 Re8 14.exf5 e5 15.Nf3 Nbd7
16.Nd2 Kh8 17.Be4 Qc7 18.Bxb7 Qxb7 19.Bg5 b5 20.Bxf6+ Nxf6 21.Nde4 Nxe4 22.Nxe4 Rg8
23.b3 bxc4 24.bxc4 Rac8 25.h3 Qc6 26.Rac1 d5 27.cxd5 Qxd5 28.Rxc8 Rxc8 29.f6 Bf8
30.Ng5 Bh6 31.Rd1 Qb7 32.Qh5  1-0

[Event "67th ch-BRA"]
[Site "Teresina BRA"]
[Date "2000.12.09"]
[Round "1"]
[White "Januario,S"]
[Black "Dumont,S"]
[Result "1/2-1/2"]
[WhiteElo "2093"]
[BlackElo "2324"]

1.e4 c5 2.Nf3 e6 3.d4 cxd4 4.Nxd4 a6 5.Bd3 g6 6.c4 Bg7 7.Ne2 Ne7 8.Nbc3 O-O
9.O-O d5 10.cxd5 exd5 11.exd5 Nxd5 12.Be4 Nf6 13.Bf3 Nc6 14.Bf4 Be6 15.Qxd8 Rfxd8
16.Rfd1 Re8 17.Rd2 Rac8 18.Ng3 Na5 19.Nge4 Nxe4 20.Nxe4 Nc4 21.Re2 Nxb2 22.Rb1 Nd3
23.Be3 Red8 24.Bb6 Rd7 25.h3 Nf4 26.Rd2 Rxd2 27.Nxd2 Nd5 28.a3 Nxb6 29.Rxb6 Rc1+
30.Kh2 Be5+ 31.g3 Rc2 32.Ne4 Bc8 33.Bd1 Rc7 34.Kg2 Kg7 35.Nd6 Bxd6 36.Rxd6 Rd7
37.Rxd7 Bxd7 38.h4 Bc6+ 39.f3 f5 40.Kf2 Kf6 41.Ke3 b6 42.Bb3 h6 43.f4 Be8
44.Kd4 g5 45.hxg5+ hxg5 46.Bd1 gxf4 47.gxf4 Ke6 48.Bb3+ Kd6 49.Bc2 Bd7 50.Bd3 b5
51.a4 bxa4 52.Bxa6 a3 53.Kc3 Be6 54.Bd3  1/2-1/2

[Event "FSGM December"]
[Site "Budapest HUN"]
[Date "2000.12.13"]
[Round "11"]
[White "Resika,N"]
[Black "Szeberenyi,A"]
[Result "1/2-1/2"]
[WhiteElo "2267"]
[BlackElo "2357"]

1.e4 c5 2.Nf3 e6 3.d4 cxd4 4.Nxd4 a6 5.Bd3 Bc5 6.Nb3 Ba7 7.Qe2 Nc6 8.Be3 Bxe3
9.Qxe3 Nf6 10.O-O O-O 11.N1d2 Qc7 12.f4 d6 13.Kh1 e5 14.a4 Ng4 15.Qg3 exf4
16.Qxf4 Nge5 17.Qg3 Be6 18.a5 Rfe8 19.Ra4 Rac8 20.h3 Bxb3 21.Nxb3 Re6 22.Be2 Rce8
23.Qc3 Qe7 24.Bd3 Qg5 25.Qd2 Qg3 26.Qf2 Rg6 27.Nd4 Nxd4 28.Rxd4 Ree6 29.Rc4 h6
30.Qxg3 Rxg3 31.Rc8+ Kh7 32.Rc7 Reg6 33.Rf2 Nxd3 34.cxd3 Rxd3 35.Rxb7 d5
36.exd5 Rxd5 37.b4 f5 38.Rc2 f4 39.Ra2 Re5 40.Rf2 Re1+ 41.Kh2 Re4 42.Rb6  1/2-1/2

[Event "TCh-YUG Women"]
[Site "Kragujevac YUG"]
[Date "2000.12.15"]
[Round "5"]
[White "Bokan,J"]
[Black "Zelenaya Azaric,G"]
[Result "0-1"]
[WhiteElo "2113"]
[BlackElo "2081"]

1.e4 c5 2.Nf3 e6 3.d4 cxd4 4.Nxd4 a6 5.Bd3 Nf6 6.Nb3 Qc7 7.Nc3 b5 8.f4 d6
9.O-O Nbd7 10.a3 Be7 11.Qe2 O-O 12.g4 Bb7 13.g5 Ne8 14.Rf3 Nc5 15.Rh3 g6
16.Nd4 Ng7 17.f5 exf5 18.exf5 Rae8 19.Qf2 Nxd3 20.cxd3 f6 21.Qh4 Nh5 22.Ne4 fxg5
23.Nxg5 Qc5 24.Be3 Bf6 25.Nde6 Qd5 26.Qe4 Bxg5 27.Qxd5 Bxe3+ 28.Rxe3 Bxd5  0-1

[Event "TCh-YUG Women"]
[Site "Kragujevac YUG"]
[Date "2000.12.15"]
[Round "5"]
[White "Zozulia,A"]
[Black "Bojkovic,N"]
[Result "1/2-1/2"]
[WhiteElo "2371"]
[BlackElo "2420"]

1.e4 c5 2.Nf3 e6 3.d4 cxd4 4.Nxd4 a6 5.Bd3 Nf6 6.O-O Qc7 7.Nc3 Nc6 8.Be3 h5
9.h3 Bd6 10.Nxc6 bxc6 11.f4 e5 12.f5 Qa5 13.Qf3 Bc5 14.Qf2 Bxe3 15.Qxe3 Rb8
16.Rab1 d6 17.a3 Qb6 18.Qxb6 Rxb6 19.b4 Ke7 20.Na4 Rb8 21.c4 Rd8 22.Rfe1 a5
23.c5 axb4 24.Rxb4 Rxb4 25.axb4 dxc5 26.Nxc5 Rd4 27.Rb1 Nd7 28.Rb3 Kd6 29.Nxd7 Bxd7
30.Kf2 g6 31.g4 hxg4 32.hxg4 gxf5 33.gxf5 f6  1/2-1/2

[Event "52nd ch-Montenegro"]
[Site "Tivat YUG"]
[Date "2000.12.15"]
[Round "7"]
[White "Kontic,D"]
[Black "Narandzic,V"]
[Result "1/2-1/2"]
[WhiteElo "2361"]
[BlackElo "2402"]

1.e4 c5 2.Ne2 e6 3.d4 cxd4 4.Nxd4 a6 5.Bd3 Qc7 6.O-O Nf6 7.Qe2 d6 8.b3 Be7
9.Bb2 Nbd7 10.Nd2 b6 11.a4 Bb7  1/2-1/2

[Event "Abel Cardona Open"]
[Site "Cali COL"]
[Date "2000.12.17"]
[Round "3"]
[White "Herrera,I"]
[Black "Perdomo,C"]
[Result "0-1"]
[WhiteElo "2467"]
[BlackElo "2349"]

1.e4 c5 2.Nf3 e6 3.d4 cxd4 4.Nxd4 a6 5.Bd3 Qc7 6.O-O Nf6 7.Qe2 d6 8.c4 Nbd7
9.b3 g6 10.Bb2 Bg7 11.Nd2 O-O 12.Rac1 b6 13.Bb1 Bb7 14.Kh1 Rfe8 15.b4 Rac8
16.N4b3 Nh5 17.Bxg7 Kxg7 18.f4 e5 19.f5 a5 20.a3 a4 21.Na1 b5 22.Qf3 Ndf6
23.Bc2 Qd7 24.Qd1 Ra8 25.cxb5 Qxb5 26.Qf3 d5 27.Bd3 Qd7 28.Rc5 Rad8 29.fxg6 hxg6
30.Rfc1 Nf4 31.Bb1 dxe4 32.Nxe4 Nxe4 33.Bxe4 Ne6  0-1

[Event "TCh-YUG Women"]
[Site "Kragujevac YUG"]
[Date "2000.12.17"]
[Round "7"]
[White "Micic,S"]
[Black "Zelenaya Azaric,G"]
[Result "0-1"]
[WhiteElo "2196"]
[BlackElo "2081"]

1.e4 c5 2.Nf3 e6 3.d4 cxd4 4.Nxd4 a6 5.Bd3 Qc7 6.Qe2 Nc6 7.Nxc6 Qxc6 8.O-O Be7
9.c4 d6 10.Nc3 Nf6 11.f4 Nd7 12.Kh1 Qc7 13.Bd2 O-O 14.Rae1 b6 15.Rf3 Bb7
16.Rh3 g6 17.Bb1 Rfe8 18.b3 Bf8 19.Qg4 Bg7 20.Qh4 Nf8 21.f5 exf5 22.exf5 Rxe1+
23.Bxe1 Re8 24.Bd2 Qe7 25.Qxe7 Rxe7 26.Nd5 Bxd5 27.cxd5 Nd7 28.fxg6 hxg6
29.Re3 Ne5 30.Re1 Kf8 31.Bb4 Rd7 32.h3 Ke7 33.Rc1 Kd8 34.Bd2 Rc7 35.Rf1 Ke8
36.Be3 Nd7 37.Bd3 Rc3 38.Rd1 Ne5 39.Bd4 Rxd3 40.Rxd3 Nxd3 41.Bxg7 Nb4 42.a4 Kd7
43.Bd4 Nxd5 44.g4 Ke6 45.Kh2 f5 46.Kg3 b5 47.axb5 axb5 48.h4 Nf6 49.g5 Ne4+
50.Kf4 Nd2 51.b4 Nc4 52.Kg3 Ne5 53.Be3 Nc6 54.Kf4 Ne7 55.Kf3 Nd5 56.Bd2 Ke5
57.Be1 f4 58.Kg4 Ne3+ 59.Kf3 Kf5 60.h5 gxh5 61.g6 Kxg6  0-1

[Event "TCh-YUG Women"]
[Site "Kragujevac YUG"]
[Date "2000.12.17"]
[Round "7"]
[White "Velcheva,M"]
[Black "Bojkovic,N"]
[Result "1/2-1/2"]
[WhiteElo "2302"]
[BlackElo "2420"]

1.e4 c5 2.Nf3 e6 3.d4 cxd4 4.Nxd4 a6 5.Bd3 g6 6.c4 Bg7 7.Nb3 Nc6 8.Nc3 Nge7
9.Be2 O-O 10.Bg5 f6 11.Bh4 d6 12.Qd2 Ne5 13.Rd1 Nf7 14.O-O Qc7 15.Bg3 e5
16.Nd5 Nxd5 17.Qxd5 Re8 18.Rc1 Be6 19.Qd3 Qe7 20.a4 b6 21.f3 Bh6 22.Rc3 Bd7
23.Ra1 a5 24.Bf2 Rab8 25.Nd2 Nd8 26.b3 Ne6 27.g3 Nc5 28.Qc2 f5 29.Nf1 fxe4
30.fxe4 Bc6 31.Bf3 Rf8 32.Bg2 Rf6 33.Ne3 Bg7 34.Nd5 Bxd5 35.cxd5 Bh6 36.Qe2 Rbf8
37.Rf1 Qd7 38.Bxc5 bxc5 39.Rxf6 Rxf6 40.Rf3 Rxf3 41.Bxf3 Qd8  1/2-1/2

[Event "XIII Carlos Torre Open"]
[Site "Merida MEX"]
[Date "2000.12.18"]
[Round "5"]
[White "Garcia Martinez,S"]
[Black "Blanco Fernandez,A"]
[Result "0-1"]
[WhiteElo "2442"]
[BlackElo "2371"]

1.e4 c5 2.Nf3 e6 3.d4 cxd4 4.Nxd4 a6 5.Bd3 Qb6 6.c3 Nc6 7.Bc2 Bc5 8.O-O Nxd4
9.cxd4 Bxd4 10.Nd2 Ne7 11.Nf3 Bc5 12.a3 Nc6 13.b4 Bd4 14.Nxd4 Qxd4 15.Qxd4 Nxd4
16.Bd1 e5 17.Bb2 Nc6 18.f4 d6 19.Bb3 f6 20.Rac1 Ke7 21.a4 exf4 22.b5 axb5
23.axb5 Ne5 24.Rxf4 Nd3 25.Rc7+ Kd8 26.Rxg7 Nxb2 27.Rxf6 Ra1+ 28.Kf2 Nd1+
29.Kg3 Ra3 30.Rxd6+ Ke8 31.Rd3 Be6 32.Rxb7 Rg8+ 33.Kh4 Rxb3 34.Rd6 Bc8 35.Rb8 Rg4+
36.Kh5 Rxg2 37.h4 Ke7  0-1

[Event "XIII Carlos Torre Open"]
[Site "Merida MEX"]
[Date "2000.12.18"]
[Round "5"]
[White "Estrada Nieto,J"]
[Black "Strikovic,A"]
[Result "1/2-1/2"]
[WhiteElo "2397"]
[BlackElo "2490"]

1.e4 c5 2.Nf3 e6 3.d4 cxd4 4.Nxd4 a6 5.Bd3 Nf6 6.O-O Qc7 7.c4 Nc6 8.Nxc6 dxc6
9.f4 Bc5+ 10.Kh1 e5 11.f5 h5 12.Qe2 Ng4 13.Nd2 Qd8 14.Nf3 Nf2+ 15.Rxf2 Bxf2
16.Nxe5 Bc5 17.Bf4 Qe7 18.Nf3 g6 19.fxg6 fxg6 20.e5 Qf7 21.Bg5 Bg4 22.Bf6 Rg8
23.Rf1 Be7 24.h3 Bxf3 25.Rxf3 O-O-O 26.c5 Qe8 27.Bxa6 Bxf6 28.exf6 bxa6 29.Qxa6+ Kc7
30.Qb6+ Kc8 31.Qa6+ Kc7 32.Qa7+ Kc8 33.Qa8+ Kc7 34.Qa7+  1/2-1/2

[Event "Abel Cardona Open"]
[Site "Cali COL"]
[Date "2000.12.19"]
[Round "5"]
[White "Luther,T"]
[Black "Perdomo,C"]
[Result "1-0"]
[WhiteElo "2547"]
[BlackElo "2349"]

1.e4 c5 2.Nf3 e6 3.d4 cxd4 4.Nxd4 a6 5.Bd3 Qc7 6.O-O Nf6 7.Qe2 d6 8.c4 Nbd7
9.Nc3 Be7 10.f4 g6 11.Kh1 b6 12.Bd2 Bb7 13.Rae1 O-O 14.f5 exf5 15.exf5 Ne5
16.Bg5 Qd8 17.Bxf6 Bxf6 18.Be4 Bxe4 19.Qxe4 Rc8 20.Nd5 g5 21.b3 Rc5 22.a4 Kg7
23.Ne2 b5 24.Ng3 Nd7 25.Qe2 bxc4 26.bxc4 Be5 27.f6+ Kh8 28.Ne4 Rg8 29.Nxc5 Nxc5
30.Qh5 Rg6 31.Ne7 Rxf6 32.Rxf6 Bxf6 33.Qxf7 Be5 34.Nc6  1-0